000 00319 a2200085 4500
020 _a9788196788735
100 _aPurandare B.
_9112415
245 _aशिवतेजाची शलाका: हिंदवी स्वराज्याचे पडसाद
260 _bBharatiya Vichar Sadhana Pune Prakashan
_c2023
999 _c365663
_d365663